书目信息 |
| 题名: |
新韩国语能力考试TOPIK Ⅱ(中高级)考点全解+全真模拟
|
|
| 作者: | ;韩国语能力考试研究会 编著 | |
| 分册: | ||
| 出版信息: | 上海 华东理工大学出版社有限公司 2018.05 |
|
| 页数: | 480页 | |
| 开本: | 26cm | |
| 丛书名: | ||
| 单 册: | ||
| 中图分类: | H55 , H355 | |
| 科图分类: | ||
| 主题词: | 俄语--水平考试--自学参考资料 | |
| 电子资源: | ||
| ISBN: | 978-7-5628-5370-1 | |
| 000 | 01028nam0 2200241 450 | |
| 001 | 5599 | |
| 005 | 20181016135731.45 | |
| 010 | @a978-7-5628-5370-1@dCNY68.00 | |
| 100 | @a20180819d2018 em y0chiy50 ea | |
| 101 | 0 | @achi@aeng@akor |
| 102 | @aCN@b310000 | |
| 105 | @aa z 000yy | |
| 200 | 1 | @a新韩国语能力考试TOPIK Ⅱ(中高级)考点全解+全真模拟@9xin han guo yu neng li kao shi TOPIK Ⅱ( zhong gao ji ) kao dian quan jie + quan zhen mo ni@f韩国语能力考试研究会编著 |
| 210 | @a上海@c华东理工大学出版社有限公司@d2018.05 | |
| 215 | @a480页@c图@d26cm@e1手册(39页;24cm) | |
| 330 | @a本书反映了2014年改革后的最新真题题型,能够帮助面对新韩国语能力考试的考生更有效地学习。本书还收录了各实战模拟试题的词汇目录和词汇试题小册子,有助于提高学习者的学习效率,掌握更多的韩国语词汇。 | |
| 606 | 0 | @a俄语@x水平考试@j自学参考资料 |
| 610 | 0 | @a韩国语 |
| 690 | @aH55@v5 | |
| 690 | @aH355@v4 | |
| 711 | 02 | @a韩国语能力考试研究会@9han guo yu neng li kao shi yan jiu hui@4编著 |
| 801 | 0 | @aCN@b91MARC@c20180819 |
| 905 | @aMuseLib@dH355@e287 | |
| 新韩国语能力考试TOPIK Ⅱ(中高级)考点全解+全真模拟/韩国语能力考试研究会编著.-上海:华东理工大学出版社有限公司,2018.05 |
| 480页:图;26cm+1手册(39页;24cm) |
| ISBN 978-7-5628-5370-1:CNY68.00 |
| 本书反映了2014年改革后的最新真题题型,能够帮助面对新韩国语能力考试的考生更有效地学习。本书还收录了各实战模拟试题的词汇目录和词汇试题小册子,有助于提高学习者的学习效率,掌握更多的韩国语词汇。 |
| ● |
| 相关链接 |
|
|
|
|
正题名:新韩国语能力考试TOPIK Ⅱ(中高级)考点全解+全真模拟
索取号:H355/287
 
预约/预借
| 序号 | 登录号 | 条形码 | 馆藏地/架位号 | 状态 | 备注 |
| 1 | 1130500 | 211305005 | 第二样本阅览室/ [索取号:H355/287] | 在馆 | |
| 2 | 1130501 | 211305014 | 密集书库—外国语学院/ [索取号:H355/287] | 在馆 | |
| 3 | 1130502 | 211305023 | 第四借阅区/ [索取号:H355/287] | 在馆 | |
| 4 | 1130503 | 211305032 | 第四借阅区/ [索取号:H355/287] | 在馆 |